000 00427nam a22001337a 4500
008 230620b xxu||||| |||| 00| 0 eng d
082 _a320.05
_bICPS 1976
110 _bInstitute of Constitutional and Parliamentary Studies
245 _aJournal of Constitutional and Parliamentary Studies
260 _aIndia
_bInstitute of Constitutional and Parliamentary Studies
_c1976
300 _a507p
440 _v10
942 _2ddc
_cBK
999 _c1558
_d1558